| 000 | 00567nam a22001457a 4500 | ||
|---|---|---|---|
| 008 | 090809t xxu||||| |||| 00| 0 eng d | ||
| 020 | _a9770185825 | ||
| 082 |
_a150.195 _bي و ن |
||
| 245 |
_aعلم النفس التحليلى/ _cكز جز يونج؛ ترجمة نهاد خياطة؛ اعداد محمد محمد عنانى |
||
| 260 |
_aالقاهرة: _bالهيئة المصرية العامة للكتاب‘ _c2003 |
||
| 300 |
_a؛351 ص _c18 سم |
||
| 490 | _aسلسلة أمهات الكتب | ||
| 650 |
_98392 _aالعلاج النفسى |
||
| 942 |
_2ddc _cBB |
||
| 999 |
_c12555 _d12555 |
||